00326nam a2200121Ia 4500008004100000082001900041100002100060245005000081250000800131260004100139300000800180650001600188191201s1976 xx 000 0 und d a621.38043bBAP aBARBER, Albert L 0aPractical Guide to Digital Integrated Circuit a1st aN.DelhibParkar Publishing Co.c1976 a240 aB.Tech(ECE)